| 000 | 00650cam a2200217u 4500 | ||
|---|---|---|---|
| 001 | 9850999 | ||
| 003 | GBCCL | ||
| 005 | 20241126110353.0 | ||
| 008 | 810515s1963 tnua 000 0 eng | ||
| 010 | _a 63017523 | ||
| 040 |
_aDLC _cCarP _dDLC |
||
| 050 | 0 | 0 |
_aBS600.2 _b.H3 |
| 082 |
_a220.07 _bHAL |
||
| 100 | 1 |
_aHaley, Mary Jane. [from old catalog] _91924 |
|
| 245 | 1 | 0 | _aBible personalities, teacher's book for use with 10 year olds. |
| 260 |
_aNashville, _bBroadman Press _c[1963] |
||
| 300 |
_a192 p. _billus. _c21 cm. |
||
| 630 | 0 | 0 |
_aBible _xStudy and teaching. _9498 |
| 906 |
_a0 _bcbc _cpremunv _du _encip _f19 _gy-gencatlg |
||
| 942 |
_2ddc _cBK _01 |
||
| 999 |
_c1082 _d1082 |
||